F1 Winners: Azerbaijan Grand Prix - Statistics

General Stats
  • This quiz has been taken 1,982 times
    364 since last reset
  • The average score is 8 of 8
Answer Stats
Season Track Winner % Correct
2022 Baku City Circuit Max Verstappen
100%
2025 Baku City Circuit Max Verstappen
100%
2018 Baku City Circuit Lewis Hamilton
99%
2021 Baku City Circuit Sergio Pérez
97%
2023 Baku City Circuit Sergio Pérez
97%
2024 Baku City Circuit Oscar Piastri
93%
2019 Baku City Circuit Valtteri Bottas
91%
2017 Baku City Circuit Daniel Ricciardo
88%
No matching quizzes found
Score Distribution
Percent of People with Each Score
Percentile by Number Answered
Your Score History
You have not taken this quiz since the last reset